Oxford wordpower dictionary for learners of English

Guardat en:
Dades bibliogràfiques
Format: Llibre
Idioma:Undetermined
Publicat: Oxford Oxford Univ. Press 1997
Matèries:
Etiquetes: Afegir etiqueta
Sense etiquetes, Sigues el primer a etiquetar aquest registre!
Thư viện lưu trữ: Trung tâm Học liệu Trường Đại học Cần Thơ
LEADER 00475nam a2200169Ia 4500
001 CTU_35512
008 210402s9999 xx 000 0 und d
020 |b 80.000đ 
082 |a 423 
082 |b O.98w 
245 0 |a Oxford wordpower dictionary for learners of English 
260 |a Oxford 
260 |b Oxford Univ. Press 
260 |c 1997 
650 |a english language - dictionaries 
904 |i Minh, 000302 
980 |a Trung tâm Học liệu Trường Đại học Cần Thơ